00603nam a2200145 a 4500008004100000050002400041110004700065245018500112260003700297300001400334350000900348650005700357650001300414650003000427091214s1962 ||||||||||||||||| || u aGOV.ZAM(058)AG/1962 aGovernment of the Republic of Zambia (GRZ)10aReport of the Auditor-General of the Federation on the accounts of Northern Rhodesia Native Treasureries for the year ended 3st December, 1960cPresented to the Legislative Council aLusakabGovernment Printerc1962 a4p. :ill. a0.00 aGOVERNMENT OF THE REPUBLIC OF ZAMBIA (GRZ)--AUDITING aAUDITING aAUDITORS' REPORTS--ZAMBIA